000 00696nam a2200289Ia 4500
005 20260324125745.0
008 008 260324s9999 xx 000 0 eng d
020 _a9781315249971
037 _aEBOOK
040 _aCRL
040 _beng
040 _cCRL
041 _2eng
041 _aeng
084 _qCRL
100 _aBill Quirke
_91179199
245 0 _aMaking the Connections
245 0 _bUsing Internal Communication to Turn Strategy into Action
260 _bTaylor and Francis
260 _c2008
365 _a
365 _b300
856 _uhttp://www.taylorfrancis.com/books/9781315249971
942 _cEBOOK
999 _c1774748
_d1774748